Diálogos semanales con Jesús. Ciclo A: Tiempo Ordinario. Libro 2

Uloženo v:
Podrobná bibliografie
Hlavní autoři: Medina Arellano, José Antonio (autor), Cervantes, Carmen María (Autor)
Médium: Kniha
Jazyk:španělština
Vydáno: Pamplona Verbo Divino 2007
Vydání:1a. ed
Témata:
Tagy: Přidat tag
Žádné tagy, Buďte první, kdo vytvoří štítek k tomuto záznamu!

MARC

LEADER 00000nam a2200000 a 4500
001 UCH5038
003 CL-VaPUC
008 090916e20070000SP |||||||||||||||||spa|d
020 |a 9788481697650 
082 0 4 |a 264.02  |b MED  |2 21 
100 |a Medina Arellano, José Antonio  |e autor  |9 541172 
700 0 |a Cervantes, Carmen María  |e author  |9 541161 
245 1 0 |a Diálogos semanales con Jesús. Ciclo A: Tiempo Ordinario. Libro 2 
250 |a 1a. ed 
300 |a 264 p 
942 |c BK 
945 |d 20090916 00:00:00  |a cmena 
260 |a Pamplona  |b Verbo Divino  |c 2007 
500 |a Hacia una espiritualidad y formación en la Fe, encarnadas en el mundo actual y la Liturgia Dominical 
500 |a 34 sesiones para: Jóvenes, Grupos, Movimientos, Comunidades 
650 0 |a Teología sistemática  |9 522913 
650 7 |a LITURGIA  |2 CL-VaPUC  |9 541162 
650 0 |a Educación religiosa   |9 308312 
650 7 |a LECCIONARIOS  |2 CL-VaPUC  |9 522915 
650 0 |a Año litúrgico  |9 345616 
650 0 |a Eucaristía  |9 257336 
583 |a last modification  |c 20130402 09:53:26  |k Rodrigo Vera 
999 |c 336260  |d 336258 
952 |0 0  |1 0  |4 0  |6 264_020000000000000_MED_2007  |7 0  |8 A  |9 427260  |a BIBTEO  |b BIBTEO  |d 2019-11-22  |i 4569326  |o 264.02 MED 2007  |p 4569326  |r 2025-01-17  |w 2019-11-22  |y BK  |k ICR